one piece 150 personnages - Statistiques

Statistiques générales
  • Ce quiz a été pris 970 fois
  • Le résultat moyen est 78 sur 149
Statistiques - réponses
Numéro PERSO % Correct
1 luffy
100%
2 zoro
100%
4 nami
99%
9 brook
98%
7 chopper
98%
6 robin
98%
3 sanji
98%
5 usopp
98%
8 franky
97%
10 jinbe
96%
18 shanks
92%
21 big mom
91%
15 crocodile
91%
16 doflamingo
91%
35 ace
90%
19 barbe blanche
90%
22 kaido
90%
25 law
89%
14 baggy
88%
36 sabo
88%
53 akainu
87%
57 garp
87%
26 kid
87%
11 mihawk
87%
17 moria
87%
54 aokiji
85%
12 kuma
84%
69 dragon
83%
43 katakuri
83%
13 hancock
82%
55 kizaru
82%
38 marco
82%
23 roger
82%
52 sengoku
82%
24 rayleigh
80%
20 teach
80%
27 killer
77%
44 king
77%
45 queen
76%
126 kinemon
74%
32 bonney
73%
28 hawkins
73%
58 smoker
73%
85 arlong
72%
33 urouge
72%
65 lucci
71%
31 x-drake
71%
59 fujitora
69%
125 momonosuke
69%
124 oden
69%
66 kaku
68%
29 apoo
67%
70 ivankov
66%
46 jack
66%
89 ener
64%
60 kobby
63%
113 cesar
61%
146 joz
61%
30 capone bege
59%
41 cracker
59%
42 smoothie
59%
40 yasopp
59%
118 rebecca
58%
61 hermep
57%
129 kanjuro
57%
34 bepo
56%
68 kalifa
56%
101 magellan
55%
98 perona
55%
72 koala
54%
75 bartolomeo
53%
71 inazuma
53%
108 neptune
51%
74 cavendish
50%
37 dadan
50%
145 izo
50%
115 pica
48%
130 raizo
48%
67 blueno
47%
133 nekomamushi
47%
137 yamato
47%
121 carrot
46%
147 crocus
45%
114 diamante
45%
132 inuarashi
45%
122 pedro
45%
39 beckman
44%
47 burgess
44%
109 shirahoshi
44%
150 laboon
42%
140 ulti
42%
116 vergo
42%
93 icebarg
41%
64 spandam
41%
92 tom
41%
120 kyros
40%
139 page one
39%
82 reiju
39%
48 shiliew
39%
119 viola
39%
141 black maria
38%
78 leo
37%
80 niji
37%
63 vegapunk
37%
88 bellamy
35%
128 denjiro
35%
148 belmer
34%
81 ichiji
34%
136 orochi
33%
84 yonji
33%
131 ashura
32%
91 foxy
32%
86 octy
32%
97 oz
32%
142 sasaki
30%
138 toki
30%
127 kawamatsu
29%
117 senor pink
29%
87 wapol
29%
76 sai
28%
103 weeble
27%
51 im
26%
94 pauly
26%
77 chinjao
25%
134 shiki
25%
99 ryuma
24%
95 kokoro
22%
96 olvia
22%
123 wanda
20%
135 morgans
18%
107 caribou
16%
49 devon
16%
102 rouge
15%
83 sora
13%
104 squardo
12%
143 zeus
11%
90 satori
10%
50 pizarro
8%
79 judje
7%
144 promethee
6%
112 tiger
6%
100 keimi
5%
62 pacifistas
5%
105 bluejam
3%
111 decken
3%
149 nokiko
3%
73 corbeau
2%
106 porchemy
2%
110 surimi
2%
Aucun quiz correspondant
Distribution des résultats
% des personnes avec chaque résultat
Percentile par nombre de réponses
Votre historique - résultats
Vous n’avez pas pris ce quiz